000 00281nam a2200109Ia 4500
001 1280605
005 20260417163132.0
008 260417s9999 xx 000 0 und d
020 _a9786256590168
245 0 _aOruç Tutan Hikâyeler
_cHüseyin Akın
260 _bŞule Yayınları
999 _c1280605
_d1280605